000
00311nam a2200133Ia 4500
008
240624s9999 xx 000 0 und d
041
_a
eng
082
_a
658.1 SHE
100
_a
SHERMAN ANDREW J
245
_a
MERGERS AND ACQUISITIONS FROM A TO Z
260
_c
2010
_b
AMACOM
300
_a
336 : p.
365
_c
999
_c
21585
_d
21585